000 00898nam a2200217 i 4500
001 33043
003 ES-MaACL
005 20251105063126.0
007 t|
008 030201s1922 sp |||| |dspa d
080 _a75 Velázquez, Diego
100 1 _aBeruete y Moret, Aureliano de,
_d1876-1922
_9149326
245 1 3 _aLa paleta de Velázquez :
_bconferencia leída en la inauguración del curso de 1920-21 de la Sección de Artes Plásticas del Ateneo de Madrid /
_cpor Aureliano de Beruete y Moret, presidente de la misma.
260 _aMadrid :
_bSobrinos de la Suc. de M. Minuesa de los Ríos,
_c1922.
300 _a41 p. ;
_c25 cm.
600 1 4 _aVelázquez, Diego,
_d1599-1660
_9113793
610 2 4 _aAteneo de Madrid-
_vConferencias-
_y1900-1939
_91907
710 2 _aAteneo de Madrid.
_bSección de Artes Plásticas.
_91970
852 _aES-MaACL
_j1642-F-5
999 _c33043
_d33043